000 00622nam a22001937a 4500
003 OSt
005 20260212014401.0
008 260212b |||||||| |||| 00| 0 eng d
020 _a9789810697433
040 _aDWCL-Main Lib
_cOC
082 _aCirc. 550 T179 2009
100 _aTarbuck, Edward J. / Lutgens, Frederick K. / Tasa, Dennis
245 _aEarth science
260 _aSingapore :
_bPearson Education,
_c c2009
300 _axxi, 740 pages :
_billustrations ;
_c26 cm.
504 _aIncludes bibliographical references and index.
650 _aEarth Science.
942 _2ddc
_cBK-CIRC
_eTwelfh edition.
_mCirc.
_n0
999 _c8356
_d8356